Library Logo

Pioneer International University Library Catalogue

Technological forecasting and long-range planning (Record no. 2408)

MARC details
000 -LEADER
fixed length control field 00294nam a22000977a 4500
005 - DATE AND TIME OF LATEST TRANSACTION
control field 20250901165335.0
008 - FIXED-LENGTH DATA ELEMENTS--GENERAL INFORMATION
fixed length control field 210312b ||||| |||| 00| 0 eng d
050 ## - LIBRARY OF CONGRESS CALL NUMBER
Classification number T174
245 ## - TITLE STATEMENT
Title Technological forecasting and long-range planning
Statement of responsibility, etc. AYRES, ROBERT U.
942 ## - ADDED ENTRY ELEMENTS (KOHA)
Source of classification or shelving scheme Library of Congress Classification
Classification part T174 .A97 1969
Holdings
Withdrawn status Lost status Source of classification or shelving scheme Damaged status Not for loan Home library Current library Shelving location Date acquired Total checkouts Full call number Barcode Date last seen Price effective from Koha item type
    Library of Congress Classification     Main Library Main Library   03/12/2021   T174 .A97 1969 PIU0004205 03/12/2021 03/12/2021 Books